| 000 | 00421nam a2200157 a 4500 | ||
|---|---|---|---|
| 001 | 1680 | ||
| 005 | 20140414131921.0 | ||
| 008 | 001109s19uu xx 00 eng d | ||
| 020 | _a971-511-241-2 | ||
| 050 |
_aER _bT14 1991 |
||
| 245 |
_aTalking to Jesus / _cillustrations by Jonathan de Vera. |
||
| 260 |
_aManila : _bOMF Literature, _c1991. |
||
| 300 | _a33 p. ; cm. | ||
| 650 | _aPrayer, childrens. | ||
| 999 |
_c111762 _d111762 |
||